Naruto-Membres de groupe - Statistiques

Statistiques générales
  • Ce quiz a été pris 361 fois
    111 depuis la dernière actualisation
  • Le résultat moyen est 33 sur 59
Statistiques - réponses
Groupe Membres % Correct
Hôtes d'un
démon à queue
(4ème grande
guerre ninja)
Naruto
95%
12 de Konoha Naruto
95%
Titres de Kage des grands pays ninja Hokage
91%
Villages cachés desgrands pays ninja Konoha
91%
Démons à queues Kurama
90%
12 de Konoha Sakura
85%
12 de Konoha Sasuke
85%
Titres de Kage des grands pays ninja Kazekage
81%
Hôtes d'un démon à queue (4ème grande guerre ninja) Gaara
80%
Villages cachés desgrands pays ninja Suna
80%
12 de Konoha Neji
79%
12 de Konoha Rock Lee
79%
12 de Konoha Shikamaru
78%
12 de Konoha Choji
77%
12 de Konoha Hinata
77%
12 de Konoha Ino
77%
Titres de Kage des grands pays ninja Raikage
77%
12 de Konoha Tenten
77%
Hôtes d'un
démon à queue
(4ème grande
guerre ninja)
Killer Bee
75%
12 de Konoha Shino
75%
12 de Konoha Kiba
74%
Villages cachés desgrands pays ninja Kiri
73%
Titres de Kage desgrands pays ninja Tsuchikage
72%
Démons à queues Shukaku
70%
Titres de Kage desgrands pays ninja Mizukage
69%
Démons à queues Son Goku
68%
Démons à queues Gyuki
65%
Hôtes d'un
démon à queue
(4ème grande
guerre ninja)
Fu
63%
Démons à queues Matatabi
63%
Démons à queues Isobu
62%
Villages cachés desgrands pays ninja Kumo
62%
Villages cachés desgrands pays ninja Iwa
58%
Démons à queues Chomei
54%
Démons à queues Saiken
52%
Hôtes d'un
démon à queue
(4ème grande
guerre ninja)
Utakata
52%
Démons à queues Kokuo
48%
Hôtes d'un
démon à queue
(4ème grande
guerre ninja)
Yagura
48%
Hôtes d'un
démon à queue
(4ème grande
guerre ninja)
Han
47%
Grands pays ninja Pays du Feu
47%
Combinaisons
élémentaires de
chakra connues
(Kekkei)
Mokuton
43%
Grands pays ninja Pays de la Foudre
43%
Grands pays ninja Pays de la Terre
43%
Grands pays ninja Pays de l'Eau
43%
Hôtes d'un
démon à queue
(4ème grande
guerre ninja)
Yugito
43%
Hôtes d'un
démon à queue
(4ème grande
guerre ninja)
Roshi
42%
Grands pays ninja Pays du Vent
37%
Combinaisons élémentaires de chakra connues (Kekkei) Futton
33%
Combinaisons élémentaires de chakra connues (Kekkei) Yoton
31%
Combinaisons
élémentaires de
chakra connues
(Kekkei)
Jinton
22%
Combinaisons élémentaires de chakra connues (Kekkei) Jinton
21%
Combinaisons élémentaires de chakra connues (Kekkei) Hyoton
20%
Combinaisons élémentaires de chakra connues (Kekkei) Enton
16%
Combinaisons élémentaires de chakra connues (Kekkei) Bakuton
15%
Combinaisons élémentaires de chakra connues (Kekkei) Shakuton
14%
Combinaisons élémentaires de chakra connues (Kekkei) Shoton
14%
Combinaisons élémentaires de chakra connues (Kekkei) Ranton
11%
Combinaisons élémentaires de chakra connues (Kekkei) Jiton
10%
Combinaisons élémentaires de chakra connues (Kekkei) Taiton
6%
Combinaisons élémentaires de chakra connues (Kekkei) Koton
5%
Aucun quiz correspondant
Distribution des résultats
% des personnes avec chaque résultat
Percentile par nombre de réponses
Votre historique - résultats
Vous n’avez pas pris ce quiz depuis la dernière actualisation